000 00714cab a2200229 4500
001 X83642
008 090401t1997 xxu||||| |||| 00| 0 eng d
035 _a(Sirsi) u78027
041 _aeng
245 _aR V leeds CC, ex parte Leeds Industruial Co-operative Society
260 _c1997
350 _a0
490 _aProperty and Compensation Reports
_v[1997] 73 P&CR 70-84(15)
650 _aAPPROPRIATION
650 _aJUDICIAL REVIEW
650 _aLOCAL GOVERNMENT ACT 1972 S122
650 _aR V LEEDS CITY COUNCIL EX P LEEDS INDUSTRIAL CO-OPERATIVE SOCIETY
650 _aTOWN AND COUNTRY PLANNING ACT 1990 S226
690 _aPLANNING LAW AND PRACTICE-CASE LAW
942 _n0
948 _c28/04/1997
999 _c49084
_d49084